| 000 | 00617nam a2200205Ia 4500 | ||
|---|---|---|---|
| 005 | 20241216010935.0 | ||
| 008 | 190212s9999||||xx |||||||||||||| ||und|| | ||
| 082 |
_a633 _bJ89 |
||
| 100 | _aJUNTA NACIONAL DEL CAFE | ||
| 245 | 0 |
_aCAFE ORGANICO _bPRODUCCIÓN Y COMERCIALIZACIÓN EN PER┌ |
|
| 250 | _a1999 | ||
| 260 |
_aLIMA _bCELSO┤S _c1999 |
||
| 300 |
_a137 pag _c20 cm |
||
| 341 | _h0 | ||
| 490 |
_v0 _a0 |
||
| 505 | _aLA CALIDAD DEL CAFE ORGANICO EN EL PER┌ - LOS PEQUEÑOS PRODUCTORES Y LA PRODUCCIÓN DE CAFE ORGANICO | ||
| 541 |
_aD _d30-Nov-16 _oSoles |
||
| 650 | _aCIENCIAS APLICADAS | ||
| 942 | _cLIBRO | ||
| 999 |
_c28251 _d28251 |
||